Ministros del Gobierno de Pedro Sánchez - Estadísticas

Estadísticas generales
  • Esta prueba ha sido intentada 123 veces
    28 desde el último reinicio
  • La puntuación promedio es 58 de 84
Estadísticas de respuestas
Ministerio Partido Ministro % Correcto
Ministra de Igualdad Podemos Irene Montero
100%
Vicepresidenta primera PSOE María Jesús Montero
100%
Vicepresidenta cuarta PSOE María Jesús Montero
100%
Ministra de Hacienda PSOE María Jesús Montero
100%
Ministra de Hacienda y Función Pública PSOE María Jesús Montero
100%
Vicepresidente segundo Podemos Pablo Iglesias
100%
Ministro de Derechos Sociales y Agenda 2030 Podemos Pablo Iglesias
100%
Vicepresidenta segunda Movimiento Sumar/PCE Yolanda Díaz
100%
Vicepresidenta tercera PCE Yolanda Díaz
100%
Ministra de Trabajo y Economía Social Movimiento Sumar/PCE Yolanda Díaz
100%
Vicepresidenta primera Independiente Nadia Calviño
95%
Vicepresidente segunda Independiente Nadia Calviño
95%
Vicepresidenta tercera Independiente Nadia Calviño
95%
Ministra de Economía y Empresa Independiente Nadia Calviño
95%
Ministra de Asuntos Económicos y Transformación Digital Independiente Nadia Calviño
95%
Ministra de Economía, Comercio y Empresa Independiente Nadia Calviño
95%
Ministro de la Presidencia, Justicia y Relaciones con las Cortes PSOE Félix Bolaños
90%
Ministro de la Presidencia, Relaciones con las Cortes y Memoria Democrática PSOE Félix Bolaños
90%
Ministro del Interior Independiente Fernando Grande-Marlaska
90%
Ministra de Asuntos Exteriores, Unión Europea y Cooperación Independiente Margarita Robles
90%
Ministra de Defensa Independiente Margarita Robles
90%
Ministro de Transportes y Movilidad Sostenible PSOE Óscar Puente
90%
Vicepresidente primero Independiente Carlos Cuerpo
86%
Ministro de Economía, Comercio y Empresa Independiente Carlos Cuerpo
86%
Ministro de Fomento PSOE José Luis Ábalos
86%
Ministro de Transportes, Movilidad y Agenda Urbana PSOE José Luis Ábalos
86%
Ministra de Educación y Formación Profesional PSOE Pilar Alegría
86%
Ministra de Educación, Formación Profesional y Deportes PSOE Pilar Alegría
86%
Ministro de Sanidad PSC Salvador Illa
86%
Vicepresidenta primera PSOE Carmen Calvo
81%
Ministra de la Presidencia, Relaciones con las Cortes e Igualdad PSOE Carmen Calvo
81%
Ministra de Sanidad Más Madrid Mónica García
81%
Ministro de Consumo Izquierda Unida Alberto Garzón
76%
Ministro de Cultura y Deporte PSC Miquel Iceta
76%
Ministra de Política Territorial y Función Pública PSC Miquel Iceta
76%
Vicepresidenta tercera PSOE Teresa Ribera
76%
Vicepresidenta cuarta PSOE Teresa Ribera
76%
Ministra para la Transición Ecológica PSOE Teresa Ribera
76%
Ministra para la Transición Ecológica y el Reto Demográfico PSOE Teresa Ribera
76%
Ministro de Cultura Comuns Ernest Urtasun
71%
Ministra de Derechos Sociales y Agenda 2030 Podemos Ione Belarra
71%
Ministra de Vivienda y Agenda Urbana PSOE Isabel Rodríguez
71%
Ministra de Política Territorial PSOE Isabel Rodríguez
71%
Ministro de Asuntos Exteriores, Unión Europea y Cooperación PSOE José Manuel Albares
71%
Ministro de Agricultura, Pesca y Alimentación PSOE Luis Planas
67%
Ministro de Política Territorial y Función Pública PSOE Luis Planas
67%
Ministro de Cultura y Deporte Independiente Máximo Huerta
67%
Ministro para la Transformación Digital y Función Pública PSOE Óscar López
67%
Ministro de Ciencia, Innovación y Universidades Independiente Pedro Duque
67%
Vicepresidenta tercera Independiente Sara Aagesen
67%
Ministra la Transición Ecológica y el Reto Demográfico Independiente Sara Aagesen
67%
Ministra de Juventud e Infancia Izquierda Unida Sira Rego
67%
Ministro de Política Territorial y Memoria Democrática PSOE Ángel Víctor Torres
62%
Ministro de Ciencia e Innovación PSOE Diana Morant
62%
Ministro de Ciencia, Innovación y Universidades PSOE Diana Morant
62%
Ministro de Transformación Digital Independiente José Luis Escrivá
62%
Ministro para la Transformación Digital y Función Pública Independiente José Luis Escrivá
62%
Ministro de Inclusión, Seguridad Social y Migraciones Independiente José Luis Escrivá
62%
Ministra de Educación y Formación Profesional PSOE Isabel Celaá
57%
Ministro de Industria y Turismo PSC Jordi Hereu
57%
Ministro de Asuntos Exteriores, Unión Europea y Cooperación PSOE Josep Borrell
57%
Ministra de Igualdad PSOE Ana Redondo
52%
Ministra de Asuntos Exteriores, Unión Europea y Cooperación Independiente Arancha González Laya
52%
Ministro de Hacienda PSOE Arcadi España
52%
Ministra de Inclusión, Seguridad Social y Migraciones PSOE Elma Saiz
52%
Ministro de Universidades Independiente Manuel Castells
52%
Ministro de Consumo, Derechos Sociales y Agenda 2030 Movimiento Sumar Pablo Bustinduy
52%
Ministra de Sanidad PSOE Carolina Darias
48%
Ministro de Política Territorial y Función Pública PSOE Carolina Darias
48%
Ministra de Política Territorial y Función Pública PSC Meritxell Batet
43%
Ministra de Educación, Formación Profesional y Deportes PSOE Milagros Tolón
43%
Ministra de Justicia Independiente Dolores Delgado
38%
Ministra de Justicia Independiente Pilar Llop
38%
Ministro de Cultura y Deporte PSOE José Manuel Rodríguez Uribes
33%
Ministro de Justicia PSOE Juan Carlos Campo
33%
Ministra de Trabajo, Migraciones y Seguridad Social PSOE Magdalena Valerio
33%
Ministro de Sanidad PSOE José Manuel Miñones
29%
Ministra de Transportes, Movilidad y Agenda Urbana PSC Raquel Sánchez Jiménez
29%
Ministro de Universidades Catalunya en Comú Joan Subirats
24%
Ministro de Industria, Comercio y Turismo PSOE Héctor Gómez Hernández
19%
Ministro de Cultura y Deporte Independiente José Guirao
19%
Ministra de Sanidad, Consumo y Bienestar Social PSOE María Luisa Carcedo
19%
Ministra de Sanidad, Consumo y Bienestar Social PSOE Carmen Montón
14%
Ministra de Industria, Comercio y Turismo PSOE Reyes Maroto
14%
No se encontraron pruebas coincidentes
Distribución de puntuación
Porcentaje de gente con cada puntuación
Porcentaje por número respondido
Historial de tus puntuaciones
No has intentado esta prueba desde el último reinicio